The noble scholar, jurist, historian


 His Excellency Dr. Abdul Wahhab bin Ibrahim Abu Sulaiman, may Allah have mercy on him.


 He was born in Umm Al-Qura in the year 1356 AH.

المذهب عند الحنفية-المالكية-الشافعية-الحنابلة / (Record no. 2203)

MARC details
000 -LEADER
fixed length control field 01676cam a2200325 i 4500
003 - CONTROL NUMBER IDENTIFIER
control field SA-RiAUC
005 - DATE AND TIME OF LATEST TRANSACTION
control field 20241109105254.0
008 - FIXED-LENGTH DATA ELEMENTS--GENERAL INFORMATION
fixed length control field 241101s2012 ku g b f000 0 ara c
040 ## - CATALOGING SOURCE
Original cataloging agency SA-MaMIU
Language of cataloging ara
Transcribing agency SA-RiAUC
Modifying agency KW-KwMAI
Description conventions rda
082 04 - DEWEY DECIMAL CLASSIFICATION NUMBER
Classification number 258
Assigning agency SA-RiAUC
090 ## - LOCALLY ASSIGNED LC-TYPE CALL NUMBER (OCLC); LOCAL CALL NUMBER (RLIN)
Classification number (OCLC) (R) ; Classification number, CALL (RLIN) (NR) 258
Local cutter number (OCLC) ; Book number/undivided call number, CALL (RLIN) ع ل ي
100 1# - MAIN ENTRY--PERSONAL NAME
Personal name علي، محمد إبراهيم أحمد،
Dates associated with a name 1355-1430 هجري
Relator term مؤلف.
245 12 - TITLE STATEMENT
Title المذهب عند الحنفية-المالكية-الشافعية-الحنابلة /
Statement of responsibility, etc. تأليف محمد إبراهيم أحمد علي، علي بن محمد بن عبد العزيز الهندي الحنبلي ؛ اعتنى به تركي محمد حامد النصر.
250 ## - EDITION STATEMENT
Edition statement الطبعة الأولى.
264 #1 - PRODUCTION, PUBLICATION, DISTRIBUTION, MANUFACTURE, AND COPYRIGHT NOTICE
Place of production, publication, distribution, manufacture الكويت :
Name of producer, publisher, distributor, manufacturer وزارة الأوقاف والشؤون الإسلامية، قطاع الشؤون الثقافية،
Date of production, publication, distribution, manufacture, or copyright notice 2012
300 ## - PHYSICAL DESCRIPTION
Extent أ-ز، 398 صفحة ؛
Dimensions 24 سم.
336 ## - CONTENT TYPE
Content type term نص
Content type code txt
Source rdacontent
Materials specified كتاب
337 ## - MEDIA TYPE
Media type term بدون وسيط
Media type code n
Source rdamedia
338 ## - CARRIER TYPE
Carrier type term مجلد
Carrier type code nc
Source rdacarrier
490 1# - SERIES STATEMENT
Series statement الوعي الإسلامي ؛
Volume/sequential designation 45
504 ## - BIBLIOGRAPHY, ETC. NOTE
Bibliography, etc. note يشتمل على إرجاعات ببليوجرافية.
520 0# - SUMMARY, ETC.
Summary, etc. المذاهب الأربعة.
650 #7 - SUBJECT ADDED ENTRY--TOPICAL TERM
Topical term or geographic name entry element الفقه الإسلامي
General subdivision مذاهب
Source of heading or term aucsh
700 1# - ADDED ENTRY--PERSONAL NAME
Personal name الهندي، علي بن محمد بن عبد العزيز،
Dates associated with a name 1330-1419 هجري
Relator term مؤلف.
700 1# - ADDED ENTRY--PERSONAL NAME
Personal name النصر، تركي محمد حامد،
Dates associated with a name 1978-
Relator term مراجع.
830 #2 - SERIES ADDED ENTRY--UNIFORM TITLE
Uniform title الوعي الإسلامي (الكويت. وزارة الأوقاف والشؤون الإسلامية)
Volume/sequential designation 45
856 4# - ELECTRONIC LOCATION AND ACCESS
Uniform Resource Identifier <a href="Books/73">Books/73</a>
942 ## - ADDED ENTRY ELEMENTS (KOHA)
Source of classification or shelving scheme Dewey Decimal Classification
Koha item type Books
Suppress in OPAC No
949 ## - LOCAL PROCESSING INFORMATION (OCLC)
a SA-JeALM
d 241101
u mohamedma123
n 1
Holdings
Withdrawn status Lost status Source of classification or shelving scheme Damaged status Not for loan Home library Current library Date acquired Total checkouts Full call number Barcode Date last seen Price effective from Koha item type
    Dewey Decimal Classification     DR AbdElwahab Library DR AbdElwahab Library 11/09/2024   258 ع ل ي 000003494 11/09/2024 11/09/2024 Books
    Dewey Decimal Classification     DR AbdElwahab Library DR AbdElwahab Library 08/25/2025   258 ع ل ي 000017959 08/25/2025 08/25/2025 Books